zpět

Detail výsledku týmu

Hloupý Honza, Praha

Datum a čas kvízu

36 Celkem bodů Celkový počet nahraných bodů na tomto kvízu bez doplňovacích otázek.
7. Pořadí na kvízu Konečné umístění týmu na tomto kvízu.

Zaznamenané odpovědi

# Otázka Odpověď Body Výsledky
1. Prorektor Univerzity Karlovy ú... Aleš Gerloch 1
2. Máte doma v lednici Power Natu... viagru, erekci 1
3. Na první jarní den měla premié... LOVEní 1
4. Novou odrůdu meruněk jménem So... šarka 1
5. Na programu ČT sport jsme mohl... v Japonsku 1
6. Dnešní cestovatelské téma se b... Córdoba 1
7. Jak se jmenuje velmi známý špa... Luis Buñuel 0
8. Když si vzpomenete na jednu zn... Malagelo 0
9. Nad městem Granada se vypíná h... Alhambra 1
10. Na obrázku vidíte radnici v př... Juan Carlos I. 1